Harry Potter: les Hippogriffes - Statistiques

Statistiques générales
  • Ce quiz a été pris 82 fois
    65 depuis la dernière actualisation
  • Le résultat moyen est 6 sur 9
Statistiques - réponses
Information Réponse % Correct
Hippogriffe connu Buck
98%
Première apparition Harry Potter et le prisonnier d'Azkaban
88%
Derniere apparition Harry Potter et les Reliques de la Mort
86%
Description Tête et pattes avant d'aigle et queue et pattes arrière de cheval
70%
Nom après la mort de Sirius Black Ventdebout
64%
Statut Animal
62%
Surnom Bucky
60%
Couleur des yeux Orange
24%
Caractere Très susceptible
16%
Aucun quiz correspondant
Distribution des résultats
% des personnes avec chaque résultat
Percentile par nombre de réponses
Votre historique - résultats
Vous n’avez pas pris ce quiz depuis la dernière actualisation